Schweizer Parteien - Statistiken

Allgemein
  • Dieses Quiz wurde 17 mal gespielt
  • Das Durchschnittsergebnis liegt bei 5 aus 12
Antwortstatistiken
Bildquiz Antwort % Korrekt
Grüne
91%
Die Mitte
73%
Grünliberale Partei
64%
Lega
45%
Partei der Arbeit
45%
Schweizer Demokraten
45%
Schweizerische Volkspartei
45%
Sozialdemokratische Partei
45%
Evangelische Volkspartei
36%
Eidgenössische Demokratische Union
18%
Freisinnige Demokratische Partei
9%
Mouvement Citoyens genevois
0%
Keine übereinstimmenden Quizze gefunden
Verteilung der Resultate
Anzahl Personen mit jedem Resultat
Perzentil nach korrekt beantworteten Fragen
Ihre Resultats-Entwicklung
Sie haben dieses Quiz noch nicht gespielt